Municipal and rural sanitation (Record no. 12109)

000 -LEADER
fixed length control field 00625nam a22002171 4500
001 - CONTROL NUMBER
control field 12109
003 - CONTROL NUMBER IDENTIFIER
control field BD-DhUET
008 - FIXED-LENGTH DATA ELEMENTS--GENERAL INFORMATION
fixed length control field 720914s1965 nyua b 000 0 eng
040 ## - CATALOGING SOURCE
Original cataloging agency DLC
Transcribing agency DLC
Modifying agency BD-DhUET
082 ## - DEWEY DECIMAL CLASSIFICATION NUMBER
Classification number 628
Item number EHL/1965
100 ## - MAIN ENTRY--PERSONAL NAME
Personal name Ehlers, Victor M.
245 10 - TITLE STATEMENT
Title Municipal and rural sanitation
250 ## - EDITION STATEMENT
Edition statement 6th ed.
260 ## - PUBLICATION, DISTRIBUTION, ETC. (IMPRINT)
Place of publication, distribution, etc. New Delhi
Name of publisher, distributor, etc. Tata McGraw-Hill
Date of publication, distribution, etc. 1965
300 ## - PHYSICAL DESCRIPTION
Extent xiv, 663 p.
Other physical details ill.
Dimensions 24 cm.
490 0# - SERIES STATEMENT
Series statement McGraw-Hill series in sanitary science and water resources engineering
504 ## - BIBLIOGRAPHY, ETC. NOTE
Bibliography, etc Includes bibliographies
650 #0 - SUBJECT ADDED ENTRY--TOPICAL TERM
Topical term or geographic name as entry element Sanitary engineering
700 ## - ADDED ENTRY--PERSONAL NAME
Personal name Steel, Ernest W.
942 ## - ADDED ENTRY ELEMENTS (KOHA)
Koha item type General Book
Holdings
Damaged status Koha full call number Copy number Withdrawn status Sublocation or collection (holding branch) Koha date last seen Piece designation (barcode) Not for loan Shelving location Location (home branch) Price effective from Koha normalized classification for sorting Lost status Date acquired Source of classification or shelving scheme Koha item type
 628/EHL/19651 Central Library, BUET2015-02-2354823 Circulation sectionCentral Library, BUET2015-02-23628_000000000000000_EHL_1965 2015-02-23 General Book
 628/EHL/19652 Central Library, BUET2015-05-0657340 Circulation sectionCentral Library, BUET2015-05-06628_000000000000000_EHL_1965 2015-05-06 General Book
 628/EHL/19653 Central Library, BUET2015-05-0657341 Circulation sectionCentral Library, BUET2015-05-06628_000000000000000_EHL_1965 2015-05-06 General Book
 628/EHL/19584 Central Library, BUET2015-05-0742726 Circulation sectionCentral Library, BUET2015-05-07628_000000000000000_EHL_1958 2015-05-07 General Book
 628/EHL/19655 Central Library, BUET2015-05-0719515 Circulation sectionCentral Library, BUET2015-05-07628_000000000000000_EHL_1965 2015-05-07 General Book
 628/EHL/19656 Central Library, BUET2015-05-0720785 Circulation sectionCentral Library, BUET2015-05-07628_000000000000000_EHL_1965 2015-05-07 General Book
 628/EHL/19657 Central Library, BUET2015-05-0719514 Circulation sectionCentral Library, BUET2015-05-07628_000000000000000_EHL_1965 2015-05-07 General Book
 628/EHL/19658 Central Library, BUET2015-05-0725851 Circulation sectionCentral Library, BUET2015-05-07628_000000000000000_EHL_1965 2015-05-07 General Book
 628/EHL/19659 Central Library, BUET2015-05-0720784 Circulation sectionCentral Library, BUET2015-05-07628_000000000000000_EHL_1965 2015-05-07 General Book